Carry on Answering! - Statistics

General Stats
  • This quiz has been taken 51 times
  • The average score is 21 of 31
Answer Stats
Answer % Correct
20 Camping
100%
6 Doctor
91%
7 Nurse
91%
17 Up the Khyber
87%
13 Cleo
83%
8 Matron
83%
5 Sergeant
83%
1 Cabby
78%
16 Henry
78%
22 Abroad
70%
30 Columbus
70%
21 Cruising
70%
4 Teacher
70%
28 Up the Jungle
70%
15 Again Doctor
65%
11 Cowboy
65%
24 Girls
65%
12 Screaming
65%
19 At Your Convenience
61%
29 Dick
61%
18 Jack
61%
3 Constable
57%
14 Emmanuelle
57%
27 Follow That Camel
57%
9 Regardless
57%
10 Spying
52%
2 England
48%
26 Loving
48%
23 Behind
39%
25 Don't Lose Your Head
39%
31 That's Carry On!
35%
No matching quizzes found
Score Distribution
Percent of People with Each Score
Percentile by Number Answered
Your Score History
You have not taken this quiz